Data Science For Professionals (Record no. 226405)
[ view plain ]
| 000 -LEADER | |
|---|---|
| fixed length control field | 00480nam a2200169Ia 4500 |
| 008 - FIXED-LENGTH DATA ELEMENTS--GENERAL INFORMATION | |
| fixed length control field | 230714s9999 xx 000 0 und d |
| 020 ## - INTERNATIONAL STANDARD BOOK NUMBER | |
| International Standard Book Number | 9790000000000 |
| 041 ## - LANGUAGE CODE | |
| Language code of text/sound track or separate title | eng |
| 082 ## - DEWEY DECIMAL CLASSIFICATION NUMBER | |
| Classification number | 005.74 |
| Item number | DAS |
| 100 ## - MAIN ENTRY--PERSONAL NAME | |
| Personal name | Das N.C. |
| 9 (RLIN) | 201924 |
| 245 ## - TITLE STATEMENT | |
| Title | Data Science For Professionals |
| Remainder of title | Experimental Designs With Least Resources |
| 260 ## - PUBLICATION, DISTRIBUTION, ETC. (IMPRINT) | |
| Date of publication, distribution, etc. | 2019 |
| Name of publisher, distributor, etc. | SPD |
| 300 ## - PHYSICAL DESCRIPTION | |
| Extent | 530 |
| 365 ## - TRADE PRICE | |
| Currency code | Rs. |
| Price amount | 1300.00 |
| 700 ## - ADDED ENTRY--PERSONAL NAME | |
| Personal name | Das N.C. |
| 9 (RLIN) | 201924 |
| 906 ## - LOCAL DATA ELEMENT F, LDF (RLIN) | |
| d | O:0686714-Jan-2020B:10530-Dec-2019 |
| c | BIT |
| b | 650 |
No items available.